Recent recommendations of latex harvesting technology and updating on newly adopted techniques in Vietnam rubber industry (Record no. 66490)

MARC details
000 -LEADER
fixed length control field 00760nam a2200205Ia 4500
100 ## - MAIN ENTRY--AUTHOR NAME
Personal name Thanh Do Kim
245 #0 - TITLE STATEMENT
Title Recent recommendations of latex harvesting technology and updating on newly adopted techniques in Vietnam rubber industry
260 ## - PUBLICATION, DISTRIBUTION, ETC. (IMPRINT)
Name of publisher IRRDB Workshop on Latex Harvesting Technologies, 5-8 May 2008, Academy Hevea Malaysia, Malaysian Rubber Board, Sungai Buloh, Selangor.
650 ## - SUBJECT ADDED ENTRY--TOPICAL TERM
Topical Term Exploitation practice
650 ## - SUBJECT ADDED ENTRY--TOPICAL TERM
Topical Term Exploitation recommendation
650 ## - SUBJECT ADDED ENTRY--TOPICAL TERM
Topical Term Latex harvesting technology
650 ## - SUBJECT ADDED ENTRY--TOPICAL TERM
Topical Term Tapping recommendation
700 ## - ADDED ENTRY--PERSONAL NAME
Personal name Duc Nguyen Tan
700 ## - ADDED ENTRY--PERSONAL NAME
Personal name My Nguyen Van
700 ## - ADDED ENTRY--PERSONAL NAME
Personal name Nang Nguyen
700 ## - ADDED ENTRY--PERSONAL NAME
Personal name Nghia Nguyen Anh
856 ## - ELECTRONIC LOCATION AND ACCESS
Uniform Resource Identifier Papers only
942 ## - ADDED ENTRY ELEMENTS (KOHA)
Koha item type Journals
Holdings
Withdrawn status Lost status Damaged status Not for loan Home library Current library Shelving location Date acquired Koha item type
      Journals RRII Library RRII Library Physiology 20/06/2008 Journals